[Event "SR 5. liga SE-SI 2014/2015"]
[Site "?"]
[Date "2014.10.25"]
[Round "2.3"]
[White "Macalka, Ondrej"]
[Black "Drozd, Jan"]
[Result "1-0"]
[WhiteElo "1499"]
[BlackElo "1509"]
[PlyCount "123"]
[EventDate "2014.??.??"]

1. e4 e5 2. Nf3 Nc6 3. Bc4 Bc5 4. c3 Nf6 5. d4 exd4 6. cxd4 Bb4+ 7. Bd2 Bxd2+
8. Nbxd2 d5 9. exd5 Nxd5 10. Ne5 Nxe5 11. dxe5 O-O 12. Nf3 c6 13. O-O Bg4 14.
h3 Bh5 15. Qb3 Nb6 16. Be2 Re8 17. Rfe1 Qc7 18. Qc3 Nd5 19. Qd4 Qb6 20. Qd2
Rad8 21. b3 Nb4 22. Qc3 Nd5 23. Qc4 Nc7 24. g4 Bg6 25. Bf1 Ne6 26. Rad1 h6 27.
Rd6 Kf8 28. Red1 Qc7 29. Nh4 Bh7 30. f4 Nxf4 31. Rxd8 Rxd8 32. Rxd8+ Qxd8 33.
Qxf4 g5 34. Qb4+ Kg8 35. Nf3 b6 36. Qd6 Qxd6 37. exd6 Kf8 38. Ne5 Be4 39. Bd3
Bd5 40. Bc4 Ke8 41. Kf2 f6 42. d7+ Ke7 43. d8=Q+ Kxd8 44. Bxd5 fxe5 45. Bxc6
Ke7 46. Be4 Kd6 47. Ke3 Kc5 48. a3 a5 49. Bb7 Kd6 50. Ke4 Ke6 51. Bd5+ Kf6 52.
Kd3 Ke7 53. Kc4 Kd6 54. Be4 Kc7 55. Kd5 Kd7 56. Kxe5 Ke7 57. Bd5 Kd7 58. Kf6
Kd6 59. Bc4 Kc5 60. Kg6 b5 61. Bxb5 Kxb5 62. Kxh6 1-0

[Event "SR 5. liga SE-SI 2014/2015"]
[Site "?"]
[Date "2014.10.25"]
[Round "2.3"]
[White "Vasek, Rudolf"]
[Black "Petras, Michal"]
[Result "1/2-1/2"]
[WhiteElo "1470"]
[BlackElo "1255"]
[PlyCount "77"]
[EventDate "2014.??.??"]

1. e4 d5 2. Bd3 c6 3. e5 e6 4. Nf3 Bc5 5. c3 Nd7 6. Bc2 f6 7. d4 Bb6 8. Bf4 Bc7
9. Bg3 Qe7 10. h4 Nb6 11. Nbd2 fxe5 12. Nxe5 Bxe5 13. Bxe5 Nd7 14. f4 Nxe5 15.
fxe5 Bd7 16. Qh5+ Qf7 17. Qxf7+ Kxf7 18. Rf1+ Ke7 19. O-O-O Nh6 20. Rf4 g6 21.
Rdf1 Rhf8 22. g3 Rxf4 23. gxf4 Rf8 24. Kd1 Nf5 25. Bxf5 gxf5 26. Rg1 Be8 27.
Ke1 h6 28. Rg7+ Rf7 29. Rxf7+ Bxf7 30. Kf2 Kf8 31. Kg3 Kg7 32. b4 Bh5 33. a4
Bd1 34. a5 Be2 35. Nb3 b6 36. Nd2 Kg6 37. axb6 axb6 38. Kf2 Ba6 39. Kg3 1/2-1/2

[Event "SR 5. liga SE-SI 2014/2015"]
[Site "?"]
[Date "2014.10.25"]
[Round "2.3"]
[White "Cibula, Marian"]
[Black "Lauko, Tomas"]
[Result "0-1"]
[WhiteElo "1000"]
[BlackElo "1476"]
[PlyCount "92"]
[EventDate "2014.??.??"]

1. e4 d5 2. Nc3 d4 3. Nd5 e6 4. Nf4 Bd6 5. d3 Nf6 6. Nf3 e5 7. Nd5 Ng8 8. Bg5
f6 9. Bh4 c6 10. c4 cxd5 11. cxd5 Qa5+ 12. Nd2 Bb4 13. Rc1 Bxd2+ 14. Qxd2 Qxd2+
15. Kxd2 Bd7 16. Be2 Ne7 17. Bh5+ Ng6 18. Rc7 O-O 19. Bg3 Nf4 20. Bf3 b6 21.
Bxf4 exf4 22. d6 a5 23. e5 Ra6 24. Rb7 fxe5 25. Rc7 b5 26. Rhc1 Rxd6 27. b3 g5
28. a4 bxa4 29. bxa4 Bxa4 30. Rb1 Nd7 31. Ra7 Rc8 32. Rc1 Rxc1 33. Kxc1 Nf6 34.
Bd1 Bxd1 35. Kxd1 e4 36. Rxa5 h6 37. dxe4 Nxe4 38. f3 Nf6 39. Kd2 Kf7 40. Kd3
Kg6 41. Ra4 Kh5 42. Rxd4 Rxd4+ 43. Kxd4 g4 44. Ke5 Kg5 45. fxg4 Nxg4+ 46. Ke4
Nxh2 0-1

[Event "SR 5. liga SE-SI 2014/2015"]
[Site "?"]
[Date "2014.10.25"]
[Round "2.3"]
[White "Lauko, Lukas"]
[Black "Skrabak, Jozef"]
[Result "1-0"]
[WhiteElo "1000"]
[BlackElo "1000"]
[PlyCount "81"]
[EventDate "2014.??.??"]

1. e4 e5 2. d3 d6 3. Nc3 Be6 4. Nf3 Be7 5. Bd2 Nc6 6. a3 Nf6 7. Be2 a5 8. Nb5
Ng4 9. Be3 O-O 10. c4 a4 11. Qd2 Na5 12. Bd1 Ra6 13. Bxa4 Bxc4 14. dxc4 Nxc4
15. Qc2 d5 16. Bb3 Ngxe3 17. fxe3 Nxe3 18. Qd2 d4 19. Nxe5 Bh4+ 20. g3 c6 21.
Nc3 b5 22. Nd1 Re8 23. Nxe3 Rxe5 24. Nf5 c5 25. Nxh4 d3 26. Qf2 Rf6 27. Nf3
Rxe4+ 28. Kf1 c4 29. Bd1 Qe7 30. Kg2 Re3 31. Re1 Ree6 32. Rxe6 fxe6 33. a4 b4
34. a5 Qf7 35. a6 g5 36. a7 Kg7 37. a8=Q Qh5 38. Ra7+ Kg6 39. Ne5+ Kh6 40.
Qxf6+ Qg6 41. Qaf8# 1-0

[Event "SR 5. liga SE-SI 2014/2015"]
[Site "?"]
[Date "2014.10.25"]
[Round "2.4"]
[White "Zlamal, Marek"]
[Black "Holiencin, Filip"]
[Result "0-1"]
[WhiteElo "1671"]
[BlackElo "1845"]
[PlyCount "64"]
[EventDate "2014.??.??"]

1. c4 e5 2. Nc3 Nf6 3. e3 Bb4 4. a3 Bxc3 5. bxc3 d5 6. d4 Nc6 7. Qc2 e4 8. a4
O-O 9. cxd5 Qxd5 10. Ne2 Ne7 11. Nf4 Qf5 12. Ba3 Re8 13. Bc4 Ng6 14. Qb3 Ng4
15. h3 Nxf4 16. exf4 Nh6 17. g4 Qxf4 18. Bc1 Qf3 19. Rg1 e3 20. fxe3 Rxe3+ 21.
Bxe3 Qxe3+ 22. Kf1 Qxh3+ 23. Rg2 Bxg4 24. Qxb7 Re8 25. Qxc7 Qh1+ 26. Kf2 Qxa1
27. Bxf7+ Nxf7 28. Rxg4 Qe1+ 29. Kf3 Re3+ 30. Kg2 Qd2+ 31. Kh1 Qd1+ 32. Rg1
Rh3+ 0-1

[Event "SR 5. liga SE-SI 2014/2015"]
[Site "?"]
[Date "2014.10.25"]
[Round "2.4"]
[White "Cambal, Peter"]
[Black "Sladek, Michal"]
[Result "0-1"]
[WhiteElo "1067"]
[BlackElo "1257"]
[PlyCount "88"]
[EventDate "2014.??.??"]

1. e4 e5 2. f4 d6 3. Nf3 exf4 4. Bc4 Be7 5. O-O Bg4 6. c3 Qc8 7. d4 g5 8. Qb3
Be6 9. e5 a6 10. h4 h6 11. Bd2 Nd7 12. a4 Nf8 13. Na3 f6 14. Rae1 Bxc4 15. Nxc4
d5 16. Na3 c6 17. c4 Qd7 18. exf6 Nxf6 19. Bb4 Ne4 20. Nd2 Nxd2 21. Bxd2 O-O-O
22. Qc3 Bf6 23. b4 Ne6 24. Nc2 Rde8 25. b5 axb5 26. cxb5 c5 27. Rc1 b6 28. Qb2
Bxd4+ 29. Nxd4 Nxd4 30. Qxd4 gxh4 31. Rxf4 h3 32. Rh4 Rhg8 33. g4 Re4 34. Qf2
Rgxg4+ 35. Rxg4 Qxg4+ 36. Kf1 Re5 37. Bf4 Rf5 38. Ke1 Rxf4 39. Qh2 Re4+ 40. Kd2
Rd4+ 41. Kc2 Qe4+ 42. Kb2 Rb4+ 43. Ka1 Qd4+ 44. Qb2 Rxb2 0-1

[Event "SR 5. liga SE-SI 2014/2015"]
[Site "?"]
[Date "2014.10.25"]
[Round "2.4"]
[White "Sefcik, Oliver"]
[Black "Svrcek, Daniel"]
[Result "0-1"]
[WhiteElo "1000"]
[BlackElo "1000"]
[PlyCount "100"]
[EventDate "2014.??.??"]

1. e4 e5 2. Nf3 Nc6 3. Bc4 Bc5 4. Nc3 d6 5. h3 Nf6 6. d3 O-O 7. Bg5 h6 8. Bh4
Nd4 9. O-O c6 10. Ne2 Nxf3+ 11. gxf3 Bxh3 12. Re1 Qb6 13. Rb1 Bxf2+ 14. Bxf2
Qd8 15. Ng3 Nh5 16. Nxh5 Qg5+ 17. Ng3 h5 18. Kh2 Bd7 19. Rh1 h4 20. Ne2 b5 21.
Bb3 d5 22. exd5 cxd5 23. Bxd5 Rae8 24. Bc5 h3 25. Ng3 Be6 26. Bxe6 Rxe6 27.
Bxf8 Kxf8 28. Kxh3 Rh6+ 29. Kg2 Rg6 30. d4 Qxg3+ 31. Kf1 Qg2+ 32. Ke1 Qxh1+ 33.
Kd2 Rg2+ 34. Kc1 Rg1 35. Kd2 Rxd1+ 36. Rxd1 Qg2+ 37. Kc1 exd4 38. Rxd4 Qxf3 39.
b3 Qe3+ 40. Rd2 g5 41. Kd1 g4 42. Re2 Qf3 43. Ke1 g3 44. Rf2 gxf2+ 45. Kf1 Qg3
46. c4 Qg1+ 47. Ke2 f1=Q+ 48. Kd2 Qf3 49. Kc2 Qgg2+ 50. Kc1 Qff1# 0-1

[Event "SR 5. liga SE-SI 2014/2015"]
[Site "?"]
[Date "2014.10.25"]
[Round "2.4"]
[White "Matula, Vojtech"]
[Black "Daniel, Dusan"]
[Result "0-1"]
[WhiteElo "1000"]
[BlackElo "1000"]
[PlyCount "72"]
[EventDate "2014.??.??"]

1. d4 e5 2. Nf3 Nc6 3. Nc3 Nf6 4. e3 Bb4 5. Bd2 d6 6. Bc4 O-O 7. e4 Bg4 8. Qe2
Nxd4 9. O-O-O Nxe2+ 10. Kb1 Nxc3+ 11. bxc3 Ba3 12. Rde1 Be6 13. Bb3 Bxb3 14.
axb3 Qd7 15. Ka1 Qc6 16. Re3 Qa6 17. Kb1 Ng4 18. Rd3 Nxf2 19. Rd5 Nxh1 20. h4
Qe2 21. Rc5 Bxc5 22. Bc1 Qd1 23. b4 Be3 24. Kb2 Qxc1+ 25. Kb3 Rae8 26. g4 Nf2
27. Ng5 Nd1 28. Nf3 Qb2+ 29. Kc4 d5+ 30. Kxd5 c6+ 31. Kd6 Nxc3 32. Nxe5 Qxb4+
33. Kc7 Rxe5 34. g5 Qb6+ 35. Kd6 Qd4+ 36. Kc7 Re7# 0-1

[Event "SR 5. liga SE-SI 2014/2015"]
[Site "?"]
[Date "2014.10.25"]
[Round "2.4"]
[White "Sefcik, Marek"]
[Black "Matula, Tomas"]
[Result "0-1"]
[WhiteElo "1000"]
[BlackElo "1000"]
[PlyCount "70"]
[EventDate "2014.??.??"]

1. e4 e5 2. Bc4 Bc5 3. Nf3 Nf6 4. d3 O-O 5. O-O d6 6. Nc3 Nc6 7. h3 Be6 8. Bg5
Bxc4 9. dxc4 Bb4 10. Bxf6 gxf6 11. a3 Bxc3 12. bxc3 b6 13. Rb1 Na5 14. Qd5 c6
15. Qd3 b5 16. Nd2 Nxc4 17. Nxc4 bxc4 18. Qxc4 d5 19. Qxc6 dxe4 20. Rbd1 Qe8
21. Rd2 Qxc6 22. Rfd1 Qxc3 23. g3 Qxa3 24. c4 Qb4 25. Rc2 Qb3 26. Rdc1 Rfd8 27.
Rc3 Qb6 28. c5 Qc6 29. Rc4 Rd7 30. R4c3 Rad8 31. Re3 Rd1+ 32. Re1 Qa4 33. Kf1
Rxc1 34. Rxc1 Qa3 35. Rc4 Qa6 0-1

[Event "SR 5. liga SE-SI 2014/2015"]
[Site "?"]
[Date "2014.10.25"]
[Round "2.5"]
[White "Jarabek, Milan"]
[Black "Diviak, Rastislav"]
[Result "1/2-1/2"]
[WhiteElo "1690"]
[BlackElo "2001"]
[PlyCount "48"]
[EventDate "2014.??.??"]

1. e4 d6 2. d4 Nf6 3. Nc3 g6 4. Be3 Bg7 5. Bc4 c6 6. Bb3 b5 7. e5 dxe5 8. dxe5
Qxd1+ 9. Rxd1 Ng4 10. Nxb5 Na6 11. e6 Bxe6 12. Bxe6 fxe6 13. Nd4 Nxe3 14. fxe3
Bxd4 15. exd4 O-O 16. Nf3 Nb4 17. c3 Nd5 18. Kd2 Nf4 19. Ne5 Nxg2 20. Rhf1 Rac8
21. Rxf8+ Kxf8 22. Rf1+ Kg8 23. b4 Nh4 24. Kc2 Nf5 1/2-1/2

[Event "SR 5. liga SE-SI 2014/2015"]
[Site "?"]
[Date "2014.10.25"]
[Round "2.5"]
[White "Buran, Andrej"]
[Black "Harasta, Marian"]
[Result "0-1"]
[WhiteElo "1586"]
[BlackElo "1600"]
[PlyCount "132"]
[EventDate "2014.??.??"]

1. e4 e5 2. Nf3 Nc6 3. d4 exd4 4. Nxd4 Bc5 5. Be3 Qh4 6. Qd3 Nf6 7. Nf5 Qxe4 8.
Nxg7+ Kf8 9. Qxe4 Nxe4 10. Bxc5+ Nxc5 11. Nf5 d5 12. Ng3 Kg7 13. Be2 Nd4 14.
Na3 Re8 15. c3 Nxe2 16. Nxe2 Bf5 17. Nb5 Bd3 18. Nbd4 Re7 19. Kd2 Bxe2 20. Nf5+
Kf8 21. Nxe7 Bc4 22. Nf5 Ne4+ 23. Ke3 Re8 24. Kf3 Nd2+ 25. Kg3 Re5 26. Nd4 c5
27. Nf3 Ne4+ 28. Kf4 Re6 29. Ke3 Nxc3+ 30. Kf4 Ne2+ 31. Kf5 Bd3+ 32. Kg4 Rg6+
33. Kh4 Rxg2 34. Ne1 Be4 35. Nxg2 Bxg2 36. Rhe1 Nd4 37. Kg3 Be4 38. Rac1 b6 39.
Re3 Kg7 40. f3 Bxf3 41. Kf2 Be4 42. Rg1+ Kf6 43. Rg8 Nc2 44. Reg3 Nb4 45. Ra8
Nd3+ 46. Kf1 Nxb2 47. Rxa7 Nc4 48. Rg8 d4 49. Rf8 Bd5 50. Rd8 b5 51. Ke1 Ne3
52. Rc8 c4 53. Ra3 b4 54. Ra6+ Be6 55. Rd8 Ke5 56. Rad6 c3 57. Rc6 Bxa2 58. Ra8
Bd5 59. Rc5 Ke4 60. Ra2 Bxa2 61. Rxc3 bxc3 62. h4 d3 63. h5 d2+ 64. Kf2 d1=Q
65. h6 Qf3+ 66. Kg1 Qg2# 0-1

[Event "SR 5. liga SE-SI 2014/2015"]
[Site "?"]
[Date "2014.10.25"]
[Round "2.5"]
[White "Danihel, Jozef"]
[Black "Mudroch, Martin"]
[Result "1-0"]
[WhiteElo "1574"]
[BlackElo "1342"]
[PlyCount "101"]
[EventDate "2014.??.??"]

1. d4 c6 2. c4 d5 3. e3 Bf5 4. Nf3 Nd7 5. Nc3 e6 6. a3 Ngf6 7. h3 Bd6 8. c5 Bc7
9. Nh4 Be4 10. Be2 Qe7 11. b4 e5 12. Nf3 exd4 13. Nxe4 Nxe4 14. Qxd4 Ne5 15.
Bb2 f6 16. Qd1 O-O 17. O-O b6 18. cxb6 axb6 19. Rc1 Rfd8 20. Qc2 c5 21. bxc5
bxc5 22. Nxe5 Bxe5 23. Bd3 Bxb2 24. Qxb2 c4 25. Bxe4 Qxe4 26. Ra1 f5 27. Rfd1
Qe7 28. Rd4 Qf6 29. Rad1 Qe6 30. Qb4 Rab8 31. Qa5 Ra8 32. Qc3 Rab8 33. a4 Ra8
34. a5 Kf7 35. Rb1 Qa6 36. Ra1 Rab8 37. Qd2 Ke6 38. g4 g6 39. Qc2 Rg8 40. g5
Qd6 41. a6 Qe5 42. Ra5 Rgd8 43. a7 Ra8 44. Qb2 Kd6 45. Qb4+ Ke6 46. Ra6+ Kf7
47. Qb7+ Ke8 48. Qxh7 f4 49. Qg8+ Kd7 50. Qf7+ Kc8 51. Rc6+ 1-0

[Event "SR 5. liga SE-SI 2014/2015"]
[Site "?"]
[Date "2014.10.25"]
[Round "2.5"]
[White "Hrdlicka, Martin"]
[Black "Baumgartner, Milan"]
[Result "1-0"]
[WhiteElo "1232"]
[BlackElo "1585"]
[PlyCount "95"]
[EventDate "2014.??.??"]

1. e4 e5 2. Nf3 Nc6 3. Bb5 a6 4. Ba4 b5 5. Bb3 Bb7 6. O-O Bc5 7. Re1 Nf6 8. d3
h6 9. c3 O-O 10. Nbd2 d6 11. Nf1 Qd7 12. Ng3 Ng4 13. Be3 Nxe3 14. fxe3 Kh8 15.
Kh1 Ne7 16. Qd2 f5 17. exf5 Bxf3 18. Be6 Qc6 19. gxf3 Qxf3+ 20. Kg1 g6 21. d4
Bb6 22. Rf1 Qg4 23. e4 g5 24. Kh1 Ng8 25. Rae1 Nf6 26. Re3 Rad8 27. Qd3 exd4
28. cxd4 c5 29. dxc5 dxc5 30. Qc3 Kh7 31. e5 b4 32. Qc2 c4 33. Ref3 Rd3 34.
Rxd3 cxd3 35. Qxd3 Rd8 36. Qc2 Qd4 37. exf6 Qxf6 38. Ne4 Qe5 39. f6 Qc7 40.
Qxc7+ Bxc7 41. f7 Kg7 42. Nc5 Bd6 43. Nd7 Rc8 44. Kg2 Be7 45. Kf3 Rc6 46. Re1
Bd6 47. Ke4 Kg6 48. Kd5 1-0

[Event "SR 5. liga SE-SI 2014/2015"]
[Site "?"]
[Date "2014.10.25"]
[Round "2.5"]
[White "Drabek, Martin"]
[Black "Svarc, Vaclav"]
[Result "1-0"]
[WhiteElo "1456"]
[BlackElo "1094"]
[PlyCount "84"]
[EventDate "2014.??.??"]

1. e4 e5 2. Nf3 Nc6 3. Bc4 Bc5 4. Nc3 d6 5. h3 Be6 6. Nd5 Bxd5 7. Bxd5 Nd4 8.
d3 c6 9. Bc4 d5 10. exd5 cxd5 11. Bb3 Nf6 12. O-O O-O 13. Nxe5 Bd6 14. Nf3 Bc5
15. Nxd4 Bxd4 16. c3 Be5 17. Qf3 d4 18. Re1 Qd6 19. cxd4 Bxd4 20. Qxb7 Qc5 21.
Be3 Rad8 22. Rac1 Rd7 23. Rxc5 Rxb7 24. Bxd4 Rd7 25. Bxf6 gxf6 26. Re3 h6 27.
Rg3+ Kh7 28. Rc6 Rg8 29. Rxg8 Kxg8 30. Rxf6 Rxd3 31. Rxh6 Rd1+ 32. Bxd1 Kg7 33.
Ra6 Kf8 34. Kh2 Ke8 35. Kg3 Kf8 36. Kf4 Ke8 37. Kf5 Ke7 38. Rxa7+ Kd6 39. Ra3
Kd5 40. Rd3+ Kc5 41. Ke5 Kc6 42. Bg4 Kc5 1-0

[Event "SR 5. liga SE-SI 2014/2015"]
[Site "?"]
[Date "2014.10.25"]
[Round "2.6"]
[White "Sobek, Michal"]
[Black "Diviak, Rudolf"]
[Result "1-0"]
[WhiteElo "1684"]
[BlackElo "1836"]
[PlyCount "77"]
[EventDate "2014.??.??"]

1. e4 d6 2. d4 g6 3. Nc3 Bg7 4. f3 c6 5. Nge2 b5 6. Be3 Nd7 7. Qd2 Qa5 8. Nc1
Qc7 9. Nb3 a5 10. d5 b4 11. Na4 Ba6 12. Bxa6 Rxa6 13. Qd3 Ra8 14. f4 Ngf6 15.
Rc1 O-O 16. c4 c5 17. h3 Rfb8 18. Nd2 Nb6 19. Nxb6 Rxb6 20. O-O Nd7 21. Rb1 a4
22. Rf3 Rbb8 23. Rg3 Rf8 24. Nf3 Nf6 25. Nd2 Nh5 26. Rf3 Nf6 27. Rg3 Nd7 28.
Nf3 Rae8 29. Nd2 e6 30. Rf3 exd5 31. cxd5 Rc8 32. Nc4 Rfe8 33. Rf2 Re7 34. e5
Nxe5 35. fxe5 dxe5 36. d6 Qd8 37. Rd1 Rd7 38. Qd5 Bf8 39. Bxc5 1-0

[Event "SR 5. liga SE-SI 2014/2015"]
[Site "?"]
[Date "2014.10.25"]
[Round "2.6"]
[White "Ulehla, Jakub"]
[Black "Klimes, Karel"]
[Result "0-1"]
[WhiteElo "1479"]
[BlackElo "1688"]
[PlyCount "104"]
[EventDate "2014.??.??"]

1. e4 e5 2. Nf3 Nc6 3. Bb5 a6 4. Ba4 Be7 5. d3 d6 6. c3 Nf6 7. O-O O-O 8. Re1
b5 9. Bb3 Be6 10. Bc2 h6 11. Nbd2 Nh7 12. Nf1 Bg4 13. Ng3 Ng5 14. Bxg5 Bxg5 15.
h3 Bxf3 16. Qxf3 Ne7 17. d4 Ng6 18. Rad1 Qf6 19. Qe2 Nf4 20. Qf1 g6 21. Ne2 Ne6
22. dxe5 dxe5 23. Rd7 Rad8 24. Red1 Rxd7 25. Rxd7 Rd8 26. Qd1 Kg7 27. Bb3 Nc5
28. Rxd8 Qxd8 29. Qxd8 Bxd8 30. Bd5 f5 31. Ng3 Bh4 32. exf5 Bxg3 33. fxg3 gxf5
34. b4 Na4 35. c4 Nc3 36. a3 Nxd5 37. cxd5 Kf6 38. Kf2 e4 39. Ke3 Ke5 40. Ke2
Kxd5 41. Ke3 c5 42. bxc5 Kxc5 43. g4 fxg4 44. hxg4 Kd5 45. g3 a5 46. Ke2 b4 47.
axb4 axb4 48. Kd2 Kd4 49. Ke2 b3 50. Kd2 e3+ 51. Kd1 Kd3 52. Ke1 b2 0-1

[Event "SR 5. liga SE-SI 2014/2015"]
[Site "?"]
[Date "2014.10.25"]
[Round "2.6"]
[White "Filipek, Norbert"]
[Black "Trojkova, Michaela"]
[Result "1/2-1/2"]
[WhiteElo "1414"]
[BlackElo "1461"]
[PlyCount "85"]
[EventDate "2014.??.??"]

1. e4 e5 2. Nf3 Nc6 3. d4 exd4 4. Nxd4 Bc5 5. Be3 Nxd4 6. Bxd4 Bxd4 7. Qxd4 Qf6
8. Qxf6 Nxf6 9. Bd3 d6 10. O-O O-O 11. Re1 Re8 12. Nc3 Bd7 13. f3 Re7 14. Re3
Rae8 15. Rae1 a6 16. a4 d5 17. R3e2 d4 18. e5 dxc3 19. exf6 Rxe2 20. Bxe2 cxb2
21. Kf2 Bxa4 22. Rb1 gxf6 23. Rxb2 b5 24. c3 c5 25. Rd2 Re6 26. c4 b4 27. Ra2
b3 28. Rxa4 b2 29. Bd3 Rd6 30. Ra2 Rxd3 31. Rxb2 Rc3 32. Rb6 Rxc4 33. Rxa6 Rc2+
34. Kg3 Kg7 35. Rc6 c4 36. Rc5 Kg6 37. f4 h6 38. Kh4 Rxg2 39. h3 Rc2 40. f5+
Kg7 41. Kh5 Rc3 42. h4 Rc1 43. Rxc4 1/2-1/2

[Event "SR 5. liga SE-SI 2014/2015"]
[Site "?"]
[Date "2014.10.25"]
[Round "2.6"]
[White "Kaufman, Robert"]
[Black "Sobekova, Adela"]
[Result "1-0"]
[WhiteElo "1127"]
[BlackElo "1000"]
[PlyCount "111"]
[EventDate "2014.??.??"]

1. e4 e5 2. Nf3 Nc6 3. Bc4 Bc5 4. O-O Nf6 5. d3 O-O 6. Bg5 b6 7. c3 Bb7 8. Re1
Qe7 9. h3 Rfe8 10. b4 Bd6 11. Nbd2 a5 12. b5 Na7 13. a4 c6 14. Nf1 Bc5 15. Ng3
g6 16. d4 exd4 17. cxd4 Bb4 18. Re2 cxb5 19. axb5 Kg7 20. e5 Qf8 21. Bxf6+ Kg8
22. Ng5 d5 23. exd6 Bxd6 24. Bxf7+ Qxf7 25. Nxf7 Kxf7 26. Bg5 Rxe2 27. Qxe2 Re8
28. Qc4+ Kg7 29. d5 Be5 30. Re1 Rc8 31. Qd3 Bd6 32. Qd4+ Kf7 33. Qf6+ Kg8 34.
Bh6 Bf8 35. Bxf8 Rxf8 36. Qxb6 Bxd5 37. Qxa7 Ra8 38. b6 Rxa7 39. bxa7 Ba8 40.
Re8+ Kg7 41. Rxa8 a4 42. Rg8+ Kxg8 43. a8=Q+ Kg7 44. Qxa4 Kh6 45. Nf5+ gxf5 46.
Qh4+ Kg7 47. Qg5+ Kh8 48. Qe7 h6 49. f4 h5 50. h4 Kg8 51. Kf2 Kh8 52. Ke3 Kg8
53. Kd4 Kh8 54. Ke5 Kg8 55. Kf6 Kh8 56. Qg7# 1-0

[Event "SR 5. liga SE-SI 2014/2015"]
[Site "?"]
[Date "2014.11.15"]
[Round "3.1"]
[White "Ulehla, Jakub"]
[Black "Tomasovic, Roman"]
[Result "1-0"]
[WhiteElo "1479"]
[BlackElo "1363"]
[PlyCount "59"]
[EventDate "2014.??.??"]

1. e4 e5 2. Nf3 Nc6 3. Bb5 Nf6 4. O-O Bc5 5. c3 a6 6. Ba4 b5 7. Bc2 O-O 8. h3
Bb7 9. Re1 d6 10. d4 Ba7 11. Bg5 Qe7 12. Be3 h6 13. Nbd2 Rfd8 14. Nf1 Qe8 15.
d5 Bxe3 16. dxc6 Bxf2+ 17. Kxf2 Bxc6 18. Ng3 d5 19. exd5 Rxd5 20. Qe2 Qf8 21.
Ne4 Nh5 22. Rad1 Nf4 23. Qe3 Rad8 24. Rxd5 Rxd5 25. Rd1 Qd8 26. Rxd5 Bxd5 27.
Nxe5 g5 28. Ng4 Bxe4 29. Bxe4 Qe7 30. Bh7+ 1-0

[Event "SR 5. liga SE-SI 2014/2015"]
[Site "?"]
[Date "2014.11.15"]
[Round "3.1"]
[White "Vozarova, Adriana"]
[Black "Trojkova, Michaela"]
[Result "0-1"]
[WhiteElo "1444"]
[BlackElo "1461"]
[PlyCount "46"]
[EventDate "2014.??.??"]

1. e4 c5 2. Nf3 Nc6 3. d4 cxd4 4. Nxd4 g6 5. Nc3 Bg7 6. Be3 Nf6 7. f3 d6 8. Qd2
Bd7 9. g4 Qc7 10. O-O-O a6 11. Kb1 Ne5 12. Be2 Nc4 13. Bxc4 Qxc4 14. h3 Qc7 15.
Rhe1 Bc6 16. Bf2 Nd7 17. f4 Rc8 18. Nd5 Bxd5 19. exd5 Nf6 20. Qe2 Nxd5 21. Nb3
Nxf4 22. Qe4 d5 23. Qb4 Qxc2+ 0-1

[Event "SR 5. liga SE-SI 2014/2015"]
[Site "?"]
[Date "2014.11.15"]
[Round "3.1"]
[White "Kaufman, Robert"]
[Black "Tomasovic, Pavol"]
[Result "1/2-1/2"]
[WhiteElo "1127"]
[BlackElo "1284"]
[PlyCount "59"]
[EventDate "2014.??.??"]

1. e4 c5 2. Nf3 d6 3. d4 cxd4 4. Nxd4 Nf6 5. Nc3 e6 6. Bb5+ Bd7 7. Bxd7+ Qxd7
8. Bg5 Be7 9. Qe2 O-O 10. O-O-O Nc6 11. Nb3 a6 12. Kb1 b5 13. h4 h6 14. Bxf6
Bxf6 15. f4 Qe7 16. Qh5 Bxc3 17. bxc3 Qf6 18. Rxd6 Qxc3 19. Qc5 Qxc5 20. Nxc5
Nb8 21. g4 a5 22. h5 Ra7 23. g5 Rc7 24. Nd3 Rfc8 25. gxh6 gxh6 26. Rg1+ Kh7 27.
Ne5 Nc6 28. Nxf7 Rxf7 29. Rxe6 Rg7 30. Rd1 1/2-1/2

[Event "SR 5. liga SE-SI 2014/2015"]
[Site "?"]
[Date "2014.11.15"]
[Round "3.1"]
[White "Osadsky, Jan ml"]
[Black "Jankovic, Frantisek"]
[Result "1-0"]
[WhiteElo "1275"]
[BlackElo "1133"]
[PlyCount "29"]
[EventDate "2014.??.??"]

1. e4 e5 2. Nf3 Nc6 3. d4 d6 4. dxe5 dxe5 5. Qxd8+ Kxd8 6. Nc3 Bb4 7. Bd2 f5 8.
O-O-O Be6 9. exf5 Bxf5 10. Bg5+ Kc8 11. Nxe5 Be6 12. Nxc6 bxc6 13. Ba6+ Kb8 14.
Rd8+ Bc8 15. Rxc8# 1-0

[Event "SR 5. liga SE-SI 2014/2015"]
[Site "?"]
[Date "2014.11.15"]
[Round "3.1"]
[White "Oslej, Marek"]
[Black "Osadsky, Jan st"]
[Result "0-1"]
[WhiteElo "1000"]
[BlackElo "1162"]
[PlyCount "116"]
[EventDate "2014.??.??"]

1. e4 e5 2. Nf3 Nc6 3. Bc4 Nf6 4. O-O d6 5. d3 h6 6. Be3 Bg4 7. h3 Bxh3 8. gxh3
Qd7 9. Bb5 Qxh3 10. Nc3 g5 11. Bxc6+ bxc6 12. Nh2 h5 13. Qf3 Qxf3 14. Nxf3 g4
15. Nh4 Be7 16. Bh6 Rxh6 17. Nf5 Rg6 18. Nh4 Rg8 19. Nf5 d5 20. exd5 cxd5 21.
Nh6 Rg5 22. Nb5 Kd7 23. Nxf7 Bd6 24. Nxg5 a6 25. Nxd6 Kxd6 26. Nf7+ Ke6 27.
Ng5+ Kf5 28. Nf7 e4 29. Nh6+ Kg6 30. dxe4 Nxe4 31. f3 Nd2 32. Rfd1 Nxf3+ 33.
Kg2 Kxh6 34. Rxd5 Nh4+ 35. Kg3 Ng6 36. Rf5 Re8 37. Rh1 Re3+ 38. Kf2 Rf3+ 39.
Rxf3 gxf3 40. Kxf3 Ne5+ 41. Ke4 Ng4 42. Rf1 c5 43. c4 h4 44. Rh1 Nf2+ 45. Kf3
Nxh1 46. Kg2 Ng3 47. Kh3 Kh5 48. b4 Ne4 49. bxc5 Nxc5 50. Kh2 Kg4 51. Kg2 h3+
52. Kh2 Ne4 53. Kg1 Kg3 54. Kf1 h2 55. Ke2 h1=Q 56. Ke3 Qe1+ 57. Kd3 Kf4 58.
Kd4 Qd2# 0-1

[Event "SR 5. liga SE-SI 2014/2015"]
[Site "?"]
[Date "2014.11.15"]
[Round "3.2"]
[White "Filipek, Norbert"]
[Black "Buran, Andrej"]
[Result "1/2-1/2"]
[WhiteElo "1414"]
[BlackElo "1586"]
[PlyCount "65"]
[EventDate "2014.??.??"]

1. e4 e5 2. Nf3 Nc6 3. d4 exd4 4. Nxd4 Bc5 5. Be3 Qf6 6. c3 Nge7 7. Na3 a6 8.
Nac2 O-O 9. Qd2 h6 10. f3 b5 11. Nxc6 Qxc6 12. Bxc5 Qxc5 13. Qd4 Qg5 14. Qe3
Qxe3+ 15. Nxe3 Bb7 16. O-O-O Rad8 17. Bd3 d5 18. e5 Ng6 19. Rd2 Rd7 20. Rhd1
Rfd8 21. c4 bxc4 22. Bxc4 c6 23. Bb3 Nxe5 24. Re1 Ng6 25. g3 Re8 26. Ng2 Rxe1+
27. Nxe1 Re7 28. Kd1 Ne5 29. Re2 Ng6 30. Rxe7 Nxe7 31. Nd3 Nf5 32. Nc5 Nd6 33.
Ba4 1/2-1/2

[Event "SR 5. liga SE-SI 2014/2015"]
[Site "?"]
[Date "2014.11.15"]
[Round "3.2"]
[White "Hrdlicka, Martin"]
[Black "Sobekova, Adela"]
[Result "1-0"]
[WhiteElo "1232"]
[BlackElo "1000"]
[PlyCount "119"]
[EventDate "2014.??.??"]

1. e4 e5 2. Nf3 Nc6 3. Bb5 Nf6 4. d3 Bc5 5. c3 O-O 6. O-O d5 7. Bxc6 bxc6 8.
Nxe5 dxe4 9. d4 Qd6 10. Bf4 Bb6 11. Qd2 Bf5 12. Ng6 e3 13. Bxd6 exd2 14. Nxf8
cxd6 15. Nxh7 Bxb1 16. Nxf6+ gxf6 17. Raxb1 Re8 18. f3 c5 19. Rf2 cxd4 20. Kf1
dxc3 21. bxc3 Bxf2 22. Kxf2 Re5 23. Rd1 Rc5 24. Rxd2 Rxc3 25. Ke2 Rc6 26. Ke3
Kf8 27. Ke4 Ra6 28. Kf4 Ke7 29. Re2+ Kf8 30. g4 d5 31. h4 Ra4+ 32. Kf5 Kg7 33.
Rd2 a6 34. Rxd5 Rxa2 35. Rd6 a5 36. Rxf6 a4 37. Ra6 a3 38. Kf4 Ra1 39. h5 a2
40. h6+ Kh7 41. g5 Kg8 42. Kf5 Rf1 43. Rxa2 Rxf3+ 44. Kg4 Re3 45. Ra4 Re1 46.
Rf4 Rg1+ 47. Kf5 Ra1 48. Re4 Ra5+ 49. Re5 Ra7 50. Re8+ Kh7 51. Kf6 Ra8 52. Kxf7
Rxe8 53. Kxe8 Kg6 54. Kf8 Kh7 55. Kf7 Kh8 56. h7 Kxh7 57. g6+ Kh8 58. g7+ Kh7
59. g8=Q+ Kh6 60. Qg6# 1-0

[Event "SR 5. liga SE-SI 2014/2015"]
[Site "?"]
[Date "2014.11.15"]
[Round "3.2"]
[White "Kratochvilova, Lenka"]
[Black "Musaev, Matej Elbek"]
[Result "0-1"]
[WhiteElo "1153"]
[BlackElo "1070"]
[PlyCount "89"]
[EventDate "2014.??.??"]

1. e4 e5 2. Nf3 Nc6 3. Bc4 Bc5 4. c3 Nf6 5. d3 O-O 6. Bg5 d6 7. h3 Be6 8. Nbd2
Qe7 9. O-O Rad8 10. b4 Bb6 11. Nb3 a5 12. d4 Bxc4 13. d5 Bxb3 14. Qxb3 Na7 15.
Qa4 axb4 16. cxb4 c6 17. Rfd1 Nb5 18. Rac1 Bd4 19. dxc6 Nc3 20. Qb3 Nxd1 21.
Qxd1 Bb6 22. Bxf6 Qxf6 23. c7 Rc8 24. Qd3 Rxc7 25. Rxc7 Bxc7 26. b5 Re8 27. a4
Qd8 28. a5 Bxa5 29. Qd5 Bb6 30. Qxb7 Qc7 31. Qd5 Qc5 32. Qd2 Rc8 33. Qb2 Qc1+
34. Qxc1 Rxc1+ 35. Kh2 Bxf2 36. h4 Rb1 37. g4 Rxb5 38. Kg2 Rb2 39. Kh3 Rb3 40.
Kg2 Bd4 41. Ne1 Rb5 42. Kf3 d5 43. Nd3 Rb3 44. Ke2 Rxd3 45. Kxd3 0-1